Four important subjects discussed. (Record no. 14590)

MARC details
000 -LEADER
campo de control de longitud fija 00625ntaaa2200193 4500
003 - IDENTIFICADOR DE NÚMERO DE CONTROL
campo de control 01
005 - FECHA Y HORA DE LA ÚLTIMA TRANSACCIÓN
campo de control 20251027202002.0
008 - DATOS DE LONGITUD FIJA--INFORMACIÓN GENERAL
campo de control de longitud fija 0714s1973 ag 01
040 ## - FUENTE DE CATALOGACIÓN
Centro catalogador/agencia de origen AR-BaBN
Lengua de catalogación spa
Centro/agencia transcriptor AR-BaBN
Normas de descripción aacr
Centro/agencia modificador RIC
082 ## - NÚMERO DE LA CLASIFICACIÓN DECIMAL DEWEY
Número de clasificación 260.0000 M27
100 ## - ENTRADA PRINCIPAL--NOMBRE DE PERSONA
Nombre de persona Mahon, R. P.
9 (RLIN) 18456
245 ## - MENCIÓN DEL TÍTULO
Título Four important subjects discussed.
250 ## - MENCION DE EDICION
Mención de edición 1 ed. :
Resto de la mención de edición Mountain Preachers Bible School,
-- 1943
300 ## - DESCRIPCIÓN FÍSICA
Extensión 62 p.
500 ## - NOTA GENERAL
Nota general 1 - The church; 2 - Foot washing; 3 - Woman, her place work in the church; 4 - Relation of Christian service to the inner Christian life.
650 ## - PUNTO DE ACCESO ADICIONAL DE MATERIA--TÉRMINO DE MATERIA
Término de materia o nombre geográfico como elemento de entrada Iglesia
650 ## - PUNTO DE ACCESO ADICIONAL DE MATERIA--TÉRMINO DE MATERIA
Término de materia o nombre geográfico como elemento de entrada Mujer en la Iglesia
9 (RLIN) 1305
942 ## - ELEMENTOS DE ENTRADA SECUNDARIOS (KOHA)
Tipo de ítem Koha Colección General
Holdings
Estatus retirado Estado de pérdida Estado de daño No para préstamo Biblioteca de origen Biblioteca actual Fecha de adquisición Número de inventario Total de préstamos Signatura topográfica completa Código de barras Visto por última vez Precio de reemplazo Tipo de ítem Koha
        Biblioteca Pluis Biblioteca Pluis 27/10/2025 13499   260.0000 M27 13499 27/10/2025 27/10/2025 Colección General